Musical heritage of India / (Record no. 17722)

MARC details
000 -LEADER
fixed length control field 00717nam a22002057a 4500
008 - FIXED-LENGTH DATA ELEMENTS--GENERAL INFORMATION
fixed length control field 081031t xxu||||| |||| 00| 0 eng d
010 ## - LIBRARY OF CONGRESS CONTROL NUMBER
LC control number ENG-84388
020 ## - INTERNATIONAL STANDARD BOOK NUMBER
International Standard Book Number 8131300463
020 ## - INTERNATIONAL STANDARD BOOK NUMBER
Terms of availability 495.00 (hb)
035 ## - SYSTEM CONTROL NUMBER
System control number EN-67921
082 ## - DEWEY DECIMAL CLASSIFICATION NUMBER
Classification number 780.954 / SHA
100 ## - MAIN ENTRY--PERSONAL NAME
Personal name Sharma, Manorma
245 ## - TITLE STATEMENT
Title Musical heritage of India /
Statement of responsibility, etc by Manorma Sharma
260 ## - PUBLICATION, DISTRIBUTION, ETC. (IMPRINT)
Place of publication, distribution, etc New Delhi
Name of publisher, distributor, etc A P H Publishing
260 ## - PUBLICATION, DISTRIBUTION, ETC. (IMPRINT)
Date of publication, distribution, etc 2005
300 ## - PHYSICAL DESCRIPTION
Extent vii,228p
Dimensions 22cm
500 ## - GENERAL NOTE
General note Includes bibliographical references and index
942 ## - ADDED ENTRY ELEMENTS (KOHA)
Source of classification or shelving scheme Dewey Decimal Classification
Koha item type English Books
Classification part 780.954
Call number suffix / SHA
Holdings
Withdrawn status Lost status Source of classification or shelving scheme Damaged status Not for loan Home library Current library Date acquired Cost, normal purchase price Total Checkouts Full call number Barcode Date last seen Cost, replacement price Price effective from Koha item type
    Dewey Decimal Classification   Not For Loan D.B.Act.Division D.B.Act.Division 02/03/2007 495.00   780.954 / SHA EN-67921 04/11/2008 495.00 04/11/2008 English Books

© Delhi Public Library
Hit Counter
free hit counter